[Event "Czech Open GM 2019"]
[Site "Pardubice"]
[Date "2019.07.21"]
[Round "3.2"]
[White "Vorobiov, Evgeny E."]
[Black "Sylvan, Jacob"]
[Result "1/2-1/2"]
[WhiteElo "2578"]
[BlackElo "2326"]
[Annotator "ChessBase"]
[PlyCount "43"]
[EventDate "2019.07.19"]
[EventType "swiss"]
[EventCountry "CZE"]
[SourceTitle "playchess.com"]
[Source "ChessBase"]
[SourceQuality "1"]

1. e4 c5 2. Nf3 e6 3. d4 cxd4 4. Nxd4 Nc6 5. Nc3 Qc7 6. f4 a6 7. Nxc6 Qxc6 8. Bd3 b5 9. Qe2 Bb7 10. Bd2 Rc8 11. a3 Qc7 12. O-O Bc5+ 13. Kh1 Ne7 14. Qh5 O-O 15. f5 Bd4 16. Rf3 g6 17. Qh6 f6 18. Raf1 Rf7 19. Ne2 Be5 20. fxe6 dxe6 21. Nf4 Qd7 22. Nh3 1/2-1/2

[Event "Czech Open GM 2019"]
[Site "Pardubice"]
[Date "2019.07.21"]
[Round "3.3"]
[White "Stocek, Jiri"]
[Black "Yagupov, Igor"]
[Result "1-0"]
[WhiteElo "2556"]
[BlackElo "2385"]
[Annotator "ChessBase"]
[PlyCount "75"]
[EventDate "2019.07.19"]
[EventType "swiss"]
[EventCountry "CZE"]
[SourceTitle "playchess.com"]
[Source "ChessBase"]
[SourceQuality "1"]

1. d4 d5 2. c4 c6 3. Nf3 Nf6 4. Nc3 e6 5. Qb3 dxc4 6. Qxc4 b5 7. Qd3 a6 8. Bg5 c5 9. Bxf6 gxf6 10. d5 Bb7 11. e4 b4 12. Na4 exd5 13. exd5 Qxd5 14. O-O-O Qxd3 15. Bxd3 Bh6+ 16. Kb1 O-O 17. Nxc5 Bxf3 18. gxf3 Ra7 19. Be4 Rc7 20. Rhg1+ Kh8 21. Nd3 a5 22. Rg3 f5 23. Bxf5 Rd8 24. Rh3 Rc6 25. Be4 Rcd6 26. Rg1 Nd7 27. Bf5 a4 28. Nxb4 Ne5 29. f4 Nc4 30. Bd3 Rb8 31. a3 Nd2+ 32. Ka2 Nb3 33. Bc2 Nc5 34. Rh5 Rc8 35. Nd5 Nb3 36. Ne7 Rf8 37. Nf5 Rd2 38. Rxh6 1-0

[Event "Czech Open GM 2019"]
[Site "Pardubice"]
[Date "2019.07.21"]
[Round "3.3"]
[White "Kulon, Klaudia"]
[Black "Basso, Pier Luigi"]
[Result "0-1"]
[WhiteElo "2331"]
[BlackElo "2559"]
[Annotator "ChessBase"]
[PlyCount "68"]
[EventDate "2019.07.19"]
[EventType "swiss"]
[EventCountry "CZE"]
[SourceTitle "playchess.com"]
[Source "ChessBase"]
[SourceQuality "1"]

1. e4 g6 2. d4 Bg7 3. Nc3 c6 4. Nf3 d5 5. e5 f6 6. Bf4 Bg4 7. h3 Bxf3 8. Qxf3 fxe5 9. Bxe5 Nf6 10. O-O-O O-O 11. Qe3 Nbd7 12. Be2 b5 13. h4 b4 14. Nb1 Nxe5 15. dxe5 Ne4 16. h5 g5 17. Rd4 e6 18. Rxe4 dxe4 19. Rd1 Qa5 20. h6 Bxe5 21. g3 Bf6 22. Qb3 Qe5 23. Nd2 Rad8 24. Nc4 Rxd1+ 25. Bxd1 Qd5 26. Qxb4 c5 27. Qa4 Qd4 28. c3 Qxf2 29. Qxa7 Qxg3 30. Qxc5 Qf4+ 31. Kc2 g4 32. Qc6 g3 33. Qxe6+ Kh8 34. Nd6 Be5 0-1

[Event "Czech Open GM 2019"]
[Site "Pardubice"]
[Date "2019.07.21"]
[Round "3.4"]
[White "Demidov, Mikhail"]
[Black "Rozman, Levy"]
[Result "1-0"]
[WhiteElo "2546"]
[BlackElo "2382"]
[Annotator "ChessBase"]
[PlyCount "103"]
[EventDate "2019.07.19"]
[EventType "swiss"]
[EventCountry "CZE"]
[SourceTitle "playchess.com"]
[Source "ChessBase"]
[SourceQuality "1"]

1. Nf3 d5 2. e3 Nf6 3. c4 e6 4. b3 Be7 5. Bb2 O-O 6. Be2 dxc4 7. bxc4 c5 8. O-O b6 9. d3 Bb7 10. Qc2 Nc6 11. a3 Qc7 12. Nbd2 Rfd8 13. Rfd1 Rac8 14. Bc3 Ne8 15. Ne4 e5 16. Qb2 f6 17. Ng3 Nd6 18. h4 Bf8 19. h5 Qf7 20. Nh4 Qe6 21. Bf3 Ne7 22. Bxb7 Nxb7 23. Qe2 Rc7 24. e4 g6 25. Nf1 g5 26. Nf3 Qg4 27. Ng3 Rcd7 28. Rd2 Rd6 29. Rad1 R8d7 30. Qe1 Nd8 31. Nh2 Qh4 32. Qe2 Ne6 33. Ng4 Nf4 34. Qf3 Bg7 35. Ne3 Rc6 36. a4 Rc8 37. a5 Rcd8 38. Nef5 Nxf5 39. Nxf5 Qxh5 40. Qxh5 Nxh5 41. g3 g4 42. Kf1 bxa5 43. Ke2 Bf8 44. Rh1 Ng7 45. Nh6+ Kh8 46. Nxg4 Be7 47. f4 exf4 48. gxf4 Rd6 49. f5 a4 50. Ne3 Re8 51. Ra2 Ra6 52. Rha1 1-0

[Event "Czech Open GM 2019"]
[Site "Pardubice"]
[Date "2019.07.21"]
[Round "3.4"]
[White "Mueller, Ralf"]
[Black "Babula, Vlastimil"]
[Result "0-1"]
[WhiteElo "2331"]
[BlackElo "2550"]
[Annotator "ChessBase"]
[PlyCount "54"]
[EventDate "2019.07.19"]
[EventType "swiss"]
[EventCountry "CZE"]
[SourceTitle "playchess.com"]
[Source "ChessBase"]
[SourceQuality "1"]

1. d4 Nf6 2. Nf3 g6 3. c4 Bg7 4. g3 O-O 5. Bg2 d6 6. O-O Nc6 7. Nc3 e5 8. dxe5 dxe5 9. Bg5 Be6 10. Nd5 Bxd5 11. Bxf6 Qxf6 12. cxd5 Nd4 13. Nd2 Qa6 14. e3 Nf5 15. Qc2 Nd6 16. Nb3 Rfe8 17. Rfc1 Re7 18. a4 e4 19. Ra2 b6 20. Qc6 Rd8 21. Bf1 Qc8 22. Nd2 a5 23. b3 Qd7 24. Rac2 Ne8 25. Bg2 f5 26. Qb7 Qxd5 27. Qa7 Ra8 0-1

[Event "Czech Open GM 2019"]
[Site "Pardubice"]
[Date "2019.07.21"]
[Round "3.5"]
[White "Plat, Vojtech"]
[Black "Goriatchkin, Jouri"]
[Result "1-0"]
[WhiteElo "2548"]
[BlackElo "2316"]
[Annotator "TA"]
[PlyCount "51"]
[EventDate "2019.07.19"]
[EventType "swiss"]
[EventCountry "CZE"]
[SourceTitle "playchess.com"]
[Source "ChessBase"]
[SourceQuality "1"]

1. e4 e6 2. d4 d5 3. Nd2 c5 4. exd5 Qxd5 5. Ngf3 cxd4 6. Bc4 Qd7 7. O-O Nc6 8. Nb3 a6 9. Nbxd4 Nxd4 10. Nxd4 Qc7 11. Qe2 Bd6 12. h3 Ne7 13. Be3 Bh2+ 14. Kh1 Bf4 15. Bb3 O-O 16. Rad1 Bxe3 17. Qxe3 Bd7 18. f4 Nc6 19. f5 exf5 20. Nxf5 Rae8 21. Rxd7 Qxd7 22. Qg5 g6 23. Nh6+ Kg7 24. Nxf7 Qe7 25. Qh6+ Kg8 26. Ne5+ 1-0

[Event "Czech Open GM 2019"]
[Site "Pardubice"]
[Date "2019.07.21"]
[Round "3.5"]
[White "Matviishen, Viktor"]
[Black "Krishna Teja, N."]
[Result "1-0"]
[WhiteElo "2495"]
[BlackElo "2368"]
[Annotator "ChessBase"]
[PlyCount "43"]
[EventDate "2019.07.19"]
[EventType "swiss"]
[EventCountry "CZE"]
[SourceTitle "playchess.com"]
[Source "ChessBase"]
[SourceQuality "1"]

1. e4 c6 2. d4 d5 3. e5 Bf5 4. Nf3 e6 5. Be2 c5 6. Be3 cxd4 7. Nxd4 Ne7 8. O-O Nbc6 9. Bb5 a6 10. Bxc6+ Nxc6 11. Nxf5 exf5 12. c3 Be7 13. Nd2 Nxe5 14. Bd4 f6 15. Re1 Nc6 16. Qb3 Qd7 17. Nf3 O-O 18. Rad1 Na5 19. Rxe7 Qd8 20. Qa3 Nc4 21. Qb4 a5 22. Qxb7 1-0

[Event "Czech Open GM 2019"]
[Site "Pardubice"]
[Date "2019.07.21"]
[Round "3.6"]
[White "Kraus, Tomas"]
[Black "Grela, Kacper"]
[Result "1-0"]
[WhiteElo "2486"]
[BlackElo "2354"]
[Annotator "ChessBase"]
[PlyCount "100"]
[EventDate "2019.07.19"]
[EventType "swiss"]
[EventCountry "CZE"]
[SourceTitle "playchess.com"]
[Source "ChessBase"]
[SourceQuality "1"]

1. e4 c5 2. Nf3 Nc6 3. Nc3 d6 4. d4 cxd4 5. Nxd4 Nf6 6. g3 Bd7 7. Bg2 g6 8. Nde2 Bg7 9. h3 O-O 10. O-O Rb8 11. Nd5 Nxd5 12. exd5 Ne5 13. Nd4 b5 14. b3 Qc8 15. Kh2 Qc3 16. Be3 Rfc8 17. Re1 f5 18. Rc1 b4 19. f4 Nf7 20. Nc6 Bxc6 21. dxc6 Bf6 22. Qd5 Kf8 23. Bxa7 Ra8 24. Bb6 Rxa2 25. Re2 Rxc6 26. Qxc6 Qxc6 27. Bxc6 Ra6 28. Bf2 Rxc6 29. Rd1 e5 30. Rd5 g5 31. Be3 h5 32. fxg5 Nxg5 33. Bxg5 Bxg5 34. h4 Bf6 35. Rb5 Ke7 36. Rxb4 Rc3 37. Rb7+ Ke6 38. Rh7 e4 39. Rxh5 Be5 40. Rg5 f4 41. Rxe4 Rxc2+ 42. Kg1 Rc1+ 43. Kg2 Rc2+ 44. Kf1 fxg3 45. Rxg3 Rc1+ 46. Ke2 Kf5 47. Rc4 Bxg3 48. Rxc1 Bxh4 49. b4 Ke5 50. Rc8 Kd5 1-0

[Event "Czech Open GM 2019"]
[Site "Pardubice"]
[Date "2019.07.21"]
[Round "3.6"]
[White "Van Dael, Siem"]
[Black "Lintchevski, Daniil"]
[Result "0-1"]
[WhiteElo "2319"]
[BlackElo "2534"]
[Annotator "ChessBase"]
[PlyCount "103"]
[EventDate "2019.07.19"]
[EventType "swiss"]
[EventCountry "CZE"]
[SourceTitle "playchess.com"]
[Source "ChessBase"]
[SourceQuality "1"]

1. e4 c5 2. Nf3 Nc6 3. d4 cxd4 4. Nxd4 Nf6 5. Nc3 e5 6. Ndb5 d6 7. Bg5 a6 8. Na3 Be6 9. Nc4 Rb8 10. Ne3 Be7 11. Bxf6 Bxf6 12. Ncd5 Bg5 13. c3 O-O 14. h4 Bxe3 15. Nxe3 Ne7 16. Bd3 d5 17. exd5 Nxd5 18. Nxd5 Bxd5 19. Qc2 e4 20. Bf1 Bc6 21. Rd1 Qe7 22. Qd2 Rbd8 23. Qe3 Rxd1+ 24. Kxd1 Qe6 25. b3 Rd8+ 26. Kc2 Qg4 27. Qe2 Qd7 28. Rh3 b5 29. g4 a5 30. Re3 a4 31. Bg2 axb3+ 32. axb3 Ra8 33. Kb1 Qe6 34. Kb2 Qe7 35. Kb1 Qe6 36. Kb2 Qe7 37. Kb1 Ra3 38. Qb2 g6 39. h5 Ra8 40. Qe2 Qe6 41. Kb2 Qd6 42. Kb1 Ra3 43. Qc2 Bd5 44. c4 Be6 45. Bxe4 Qd4 46. Rc3 b4 47. Qd3 Qxc3 48. Qd8+ Kg7 49. h6+ Kxh6 50. Qf8+ Kg5 51. Qe7+ f6 52. Qc5+ 0-1

[Event "Czech Open GM 2019"]
[Site "Pardubice"]
[Date "2019.07.21"]
[Round "3.7"]
[White "Noe, Christopher"]
[Black "Vokac, Marek"]
[Result "1-0"]
[WhiteElo "2534"]
[BlackElo "2316"]
[Annotator "ChessBase"]
[PlyCount "101"]
[EventDate "2019.07.19"]
[EventType "swiss"]
[EventCountry "CZE"]
[SourceTitle "playchess.com"]
[Source "ChessBase"]
[SourceQuality "1"]

1. d4 Nf6 2. c4 g6 3. Nc3 Bg7 4. e4 d6 5. f3 O-O 6. Be3 a6 7. Qd2 b6 8. Nge2 c5 9. d5 e6 10. a4 exd5 11. cxd5 Nbd7 12. Ng3 h5 13. Be2 h4 14. Nf1 Nh7 15. Bh6 f5 16. Bxg7 Kxg7 17. exf5 gxf5 18. f4 Ndf6 19. Ne3 Ra7 20. O-O Re7 21. Bf3 Ng8 22. Rfb1 Nh6 23. b4 Nf6 24. bxc5 bxc5 25. Nc4 Nf7 26. Rb6 Nd7 27. Rc6 Nb8 28. Rb1 Nxc6 29. dxc6 Be6 30. Nd5 Bxd5 31. Qc3+ Kg6 32. Bxd5 Nh6 33. Rd1 Rf6 34. Bf3 Rfe6 35. Ne5+ Kh7 36. Nd7 Rxd7 37. cxd7 Qxd7 38. Rb1 Qg7 39. Rb7 Re7 40. Qxg7+ Rxg7 41. a5 c4 42. Kf2 Ng4+ 43. Ke2 Nf6 44. Rxg7+ Kxg7 45. Bb7 Ne4 46. Bxa6 d5 47. Bb7 Nc3+ 48. Ke3 Nb5 49. Bxd5 c3 50. Kd3 Kf6 51. a6 1-0

[Event "Czech Open GM 2019"]
[Site "Pardubice"]
[Date "2019.07.21"]
[Round "3.7"]
[White "Manik, Mikulas"]
[Black "Potapov, Pavel"]
[Result "1/2-1/2"]
[WhiteElo "2377"]
[BlackElo "2485"]
[Annotator "TA"]
[PlyCount "28"]
[EventDate "2019.07.19"]
[EventType "swiss"]
[EventCountry "CZE"]
[SourceTitle "playchess.com"]
[Source "ChessBase"]
[SourceQuality "1"]

1. e4 c5 2. Nf3 Nc6 3. Bb5 g6 4. O-O Bg7 5. c3 Nf6 6. Qa4 O-O 7. d4 cxd4 8. cxd4 Nxe4 9. d5 Nc5 10. Qa3 Qb6 11. Nc3 Nd4 12. Nxd4 Bxd4 13. Bh6 d6 14. Bxf8 Kxf8 1/2-1/2

[Event "Czech Open GM 2019"]
[Site "Pardubice"]
[Date "2019.07.21"]
[Round "3.8"]
[White "Gagare, Shardul"]
[Black "Jasny, Stanislav"]
[Result "1-0"]
[WhiteElo "2476"]
[BlackElo "2345"]
[Annotator "ChessBase"]
[PlyCount "113"]
[EventDate "2019.07.19"]
[EventType "swiss"]
[EventCountry "CZE"]
[SourceTitle "playchess.com"]
[Source "ChessBase"]
[SourceQuality "1"]

1. Nf3 Nf6 2. c4 g6 3. g3 Bg7 4. Bg2 d6 5. d4 O-O 6. Nc3 Nbd7 7. O-O e5 8. e4 c6 9. h3 exd4 10. Nxd4 Re8 11. Be3 Nc5 12. Qc2 a5 13. Rad1 Qe7 14. Rfe1 Nfd7 15. Nb3 a4 16. Nxc5 Nxc5 17. Bxc5 dxc5 18. Nxa4 Rxa4 19. Qxa4 Bxb2 20. Kh2 Bd4 21. Qc2 Be6 22. a4 Ra8 23. f4 b5 24. axb5 cxb5 25. cxb5 Ra2 26. Qd3 Qd7 27. Re2 Ra4 28. Rc2 Rb4 29. Rxc5 Bxc5 30. Qxd7 Bxd7 31. Rxd7 Rxb5 32. e5 Rb2 33. h4 h5 34. Kh3 Bg1 35. Rd1 Bf2 36. Rd8+ Kg7 37. Rd7 Rb3 38. Rxf7+ Kxf7 39. Bd5+ Kg7 40. Bxb3 Be1 41. Ba4 Kf7 42. Bb5 Bd2 43. Kg2 Kf8 44. Kf3 Be1 45. Bd3 Kf7 46. e6+ Kxe6 47. Bxg6 Kf6 48. Bxh5 Kg7 49. Be8 Kh6 50. h5 Ba5 51. g4 Bd8 52. Ke4 Be7 53. Kf5 Bd6 54. g5+ Kg7 55. h6+ Kh7 56. Bf7 Bc7 57. Ke4 1-0

[Event "Czech Open GM 2019"]
[Site "Pardubice"]
[Date "2019.07.21"]
[Round "3.8"]
[White "Najdin, Danil"]
[Black "Deepan Chakkravarthy J."]
[Result "0-1"]
[WhiteElo "2314"]
[BlackElo "2532"]
[Annotator "ChessBase"]
[PlyCount "58"]
[EventDate "2019.07.19"]
[EventType "swiss"]
[EventCountry "CZE"]
[SourceTitle "playchess.com"]
[Source "ChessBase"]
[SourceQuality "1"]

1. d4 Nf6 2. c4 e6 3. g3 d5 4. Bg2 dxc4 5. Nf3 Nc6 6. O-O Rb8 7. a4 b6 8. e4 Be7 9. Nc3 O-O 10. Re1 Bb7 11. e5 Nd5 12. Ne4 Ncb4 13. Bf1 Nd3 14. Bxd3 cxd3 15. Qxd3 Nb4 16. Qb1 c5 17. Neg5 g6 18. Bd2 cxd4 19. Bxb4 Bxb4 20. Rd1 Bc5 21. b4 Be7 22. Rxd4 Qc7 23. Qe1 Rbc8 24. Rad1 Rfd8 25. Qe3 Rxd4 26. Nxd4 Rd8 27. Qf4 Bxg5 28. Qxg5 Rd5 29. Rc1 Rxd4 0-1

[Event "Czech Open GM 2019"]
[Site "Pardubice"]
[Date "2019.07.21"]
[Round "3.9"]
[White "Zanan, Evgeny"]
[Black "Thakur, Akash"]
[Result "1-0"]
[WhiteElo "2505"]
[BlackElo "2311"]
[Annotator "ChessBase"]
[PlyCount "81"]
[EventDate "2019.07.19"]
[EventType "swiss"]
[EventCountry "CZE"]
[SourceTitle "playchess.com"]
[Source "ChessBase"]
[SourceQuality "1"]

1. e4 e5 2. Nf3 Nc6 3. Bb5 a6 4. Ba4 Nf6 5. O-O Be7 6. Re1 b5 7. Bb3 d6 8. c3 O-O 9. h3 Na5 10. Bc2 c5 11. d4 Qc7 12. d5 Nc4 13. b3 Nb6 14. a4 Ne8 15. Be3 bxa4 16. bxa4 Nc4 17. Bc1 g6 18. Qe2 Na5 19. Bh6 Ng7 20. Nbd2 Bd7 21. Nf1 Rfb8 22. Reb1 Bc8 23. Ne3 Rxb1+ 24. Bxb1 Nb3 25. Ra3 Rb8 26. Bc2 Na5 27. Nd2 Qd8 28. Ndc4 Nxc4 29. Nxc4 a5 30. Bd3 f5 31. exf5 gxf5 32. Bxg7 Kxg7 33. Nxe5 c4 34. Nxc4 Bf6 35. Ne3 Qb6 36. Nxf5+ Bxf5 37. Bxf5 Qc5 38. Ra1 Qxd5 39. Qh5 Qg8 40. Re1 Kh8 41. Re6 1-0

[Event "Czech Open GM 2019"]
[Site "Pardubice"]
[Date "2019.07.21"]
[Round "3.9"]
[White "Roshka, Yevgeniy"]
[Black "Kozak, Adam"]
[Result "1/2-1/2"]
[WhiteElo "2353"]
[BlackElo "2475"]
[Annotator "ChessBase"]
[PlyCount "76"]
[EventDate "2019.07.19"]
[EventType "swiss"]
[EventCountry "CZE"]
[SourceTitle "playchess.com"]
[Source "ChessBase"]
[SourceQuality "1"]

1. e4 c5 2. Nf3 d6 3. Bb5+ Nc6 4. O-O Bd7 5. Re1 Nf6 6. c3 a6 7. Bf1 Bg4 8. h3 Bxf3 9. Qxf3 g6 10. d3 Bg7 11. Na3 O-O 12. Be3 Nd7 13. Rad1 Rc8 14. d4 cxd4 15. cxd4 b5 16. Nc2 Qa5 17. a3 Qa4 18. Qe2 Rfe8 19. Rd3 e5 20. b3 Qa5 21. d5 Nd4 22. Nxd4 exd4 23. b4 Qb6 24. Bf4 Ne5 25. Bxe5 Bxe5 26. Qa2 Rc3 27. a4 Qb7 28. g3 Bf6 29. h4 Rec8 30. Rd2 Qd7 31. axb5 axb5 32. Kh2 Rc1 33. Bh3 Qe7 34. Rxc1 Rxc1 35. Rc2 Re1 36. Re2 Rd1 37. Qc2 Ra1 38. Qd3 Qb7 1/2-1/2

[Event "Czech Open GM 2019"]
[Site "Pardubice"]
[Date "2019.07.21"]
[Round "3.10"]
[White "Nagy, Gabor"]
[Black "Domogaev, Sergey"]
[Result "1-0"]
[WhiteElo "2474"]
[BlackElo "2332"]
[Annotator "TA"]
[PlyCount "49"]
[EventDate "2019.07.19"]
[EventType "swiss"]
[EventCountry "CZE"]
[SourceTitle "playchess.com"]
[Source "ChessBase"]
[SourceQuality "1"]

1. Nf3 Nf6 2. c4 g6 3. d4 Bg7 4. g3 O-O 5. Bg2 d5 6. O-O Nc6 7. Na3 dxc4 8. Nxc4 Nd5 9. e4 Nb6 10. Nxb6 axb6 11. d5 Nb8 12. Qc2 c5 13. Bf4 Bd7 14. e5 Qc8 15. Rfe1 Na6 16. a3 b5 17. e6 fxe6 18. Ng5 Nc7 19. Rad1 Nxd5 20. Rxd5 exd5 21. Bxd5+ Kh8 22. Rxe7 Qd8 23. Qxc5 Bc6 24. Bxc6 bxc6 25. Be5 1-0

[Event "Czech Open GM 2019"]
[Site "Pardubice"]
[Date "2019.07.21"]
[Round "3.10"]
[White "Vyskocil, Neklan"]
[Black "Belyakov, Bogdan"]
[Result "1/2-1/2"]
[WhiteElo "2304"]
[BlackElo "2500"]
[Annotator "ChessBase"]
[PlyCount "72"]
[EventDate "2019.07.19"]
[EventType "swiss"]
[EventCountry "CZE"]
[SourceTitle "playchess.com"]
[Source "ChessBase"]
[SourceQuality "1"]

1. e4 e5 2. Nf3 Nc6 3. Bc4 Nf6 4. d3 Bc5 5. O-O O-O 6. c3 d5 7. exd5 Nxd5 8. Re1 Bg4 9. h3 Bh5 10. Nbd2 Nb6 11. b4 Be7 12. g4 Bg6 13. b5 Na5 14. Nxe5 Bf6 15. Nxg6 hxg6 16. Ne4 Naxc4 17. dxc4 Qxd1 18. Rxd1 Nxc4 19. Bf4 Be5 20. Bxe5 Nxe5 21. Nc5 b6 22. Nd7 Rfe8 23. Nxe5 Rxe5 24. Rd7 Rc8 25. c4 Kf8 26. Rad1 Ke8 27. R7d4 g5 28. a4 f6 29. Kg2 c6 30. Kg3 cxb5 31. axb5 Rc7 32. h4 gxh4+ 33. Kxh4 Rec5 34. Re1+ Re7 35. Rxe7+ Kxe7 36. f4 g5+ 1/2-1/2

[Event "Czech Open GM 2019"]
[Site "Pardubice"]
[Date "2019.07.21"]
[Round "3.11"]
[White "Ter-Saakian, Grigorii"]
[Black "Saduakassova, Dinara"]
[Result "0-1"]
[WhiteElo "2338"]
[BlackElo "2474"]
[Annotator "ChessBase"]
[PlyCount "65"]
[EventDate "2019.07.19"]
[EventType "swiss"]
[EventCountry "CZE"]
[SourceTitle "playchess.com"]
[Source "ChessBase"]
[SourceQuality "1"]

1. e4 c5 2. Nf3 e6 3. d4 cxd4 4. Nxd4 Nc6 5. Nc3 Qc7 6. Be3 a6 7. Qd2 Be7 8. f4 b5 9. Bd3 Nf6 10. h3 b4 11. Nd1 Bb7 12. Nf2 Nxd4 13. Bxd4 Nh5 14. Be3 Ng3 15. Rg1 d5 16. e5 Ne4 17. Bxe4 dxe4 18. O-O-O Bd5 19. Kb1 O-O 20. Bd4 Rac8 21. Rge1 Qc6 22. Ng4 Rfd8 23. Qf2 a5 24. Ne3 a4 25. f5 exf5 26. Nxf5 Bf8 27. g4 b3 28. cxb3 axb3 29. a3 Qc2+ 30. Ka1 Bxa3 31. Qxc2 bxc2 32. Rc1 Bb4 33. b3 0-1

[Event "Czech Open GM 2019"]
[Site "Pardubice"]
[Date "2019.07.21"]
[Round "3.11"]
[White "Gungl, Theo"]
[Black "Barski, Radoslaw"]
[Result "1-0"]
[WhiteElo "2306"]
[BlackElo "2468"]
[Annotator "ChessBase"]
[PlyCount "171"]
[EventDate "2019.07.19"]
[EventType "swiss"]
[EventCountry "CZE"]
[SourceTitle "playchess.com"]
[Source "ChessBase"]
[SourceQuality "1"]

1. e4 e5 2. Nf3 Nc6 3. Bb5 a6 4. Bxc6 dxc6 5. O-O f6 6. d4 Bg4 7. dxe5 Qxd1 8. Rxd1 fxe5 9. Rd3 Bd6 10. Bg5 Nf6 11. Nbd2 b5 12. h3 Be6 13. Bxf6 gxf6 14. Nf1 c5 15. Ne3 c4 16. Rdd1 O-O-O 17. Nh4 Bc5 18. Nhf5 b4 19. Kf1 a5 20. c3 bxc3 21. bxc3 Ba3 22. Ke2 c6 23. Rab1 Kc7 24. Ng3 Rxd1 25. Kxd1 Rd8+ 26. Kc2 Bc5 27. Ngf1 h5 28. Re1 Rg8 29. Re2 a4 30. f3 a3 31. Kc1 Bf8 32. Nd2 Bh6 33. Nc2 Ra8 34. Kd1 h4 35. Nb1 Bf8 36. Kc1 Bd6 37. Ne3 Bf8 38. Nc2 Bc5 39. Kd1 Kd7 40. Kc1 Ke7 41. Ne3 Kf7 42. Nd1 Rb8 43. Nd2 Rg8 44. Nf1 Kg6 45. Nfe3 Kg5 46. Nf1 Kf4 47. Nd2 Rd8 48. Kc2 Bc8 49. Nf1 Ba6 50. Rd2 Rxd2+ 51. Kxd2 Bb5 52. Nde3 Bxe3+ 53. Nxe3 Kg3 54. Nf5+ Kxg2 55. Nxh4+ Kxh3 56. Ng6 Kg3 57. Ke3 Ba4 58. f4 exf4+ 59. Nxf4 Bb3 60. Nh5+ Kh4 61. Nxf6 Bxa2 62. Kd2 Kg5 63. Nd7 Bb1 64. Kc1 Bxe4 65. Ne5 Bd5 66. Kb1 Kf4 67. Nd7 Ke3 68. Nb6 Kd2 69. Na4 Be4+ 70. Ka2 Bc2 71. Nc5 Kxc3 72. Kxa3 Bd1 73. Ka2 Bf3 74. Ka3 Bd1 75. Ka2 Bc2 76. Ka3 Bb3 77. Ne4+ Kd4 78. Nc3 Bc2 79. Kb2 Kd3 80. Na2 Kd2 81. Nc3 Bd3 82. Na2 Bc2 83. Nc3 Bg6 84. Na2 Bh7 85. Nc3 Bf5 86. Na2 1-0

[Event "Czech Open GM 2019"]
[Site "Pardubice"]
[Date "2019.07.21"]
[Round "3.12"]
[White "Gutman, Gennadi"]
[Black "Mertanen, Janne"]
[Result "1-0"]
[WhiteElo "2466"]
[BlackElo "2281"]
[Annotator "ChessBase"]
[PlyCount "81"]
[EventDate "2019.07.19"]
[EventType "swiss"]
[EventCountry "CZE"]
[SourceTitle "playchess.com"]
[Source "ChessBase"]
[SourceQuality "1"]

1. d4 Nf6 2. Nf3 c5 3. d5 e6 4. c4 d6 5. Nc3 exd5 6. cxd5 g6 7. Nd2 Bg7 8. e4 O-O 9. Be2 Re8 10. O-O Nbd7 11. h3 h6 12. a4 a6 13. Qc2 Rb8 14. Ra3 Qc7 15. a5 b5 16. axb6 Nxb6 17. Bxa6 Bxa6 18. Rxa6 c4 19. Nf3 Nfd7 20. Nb5 Qc5 21. Na7 c3 22. b3 Qc7 23. Nc6 Rb7 24. Be3 Nb8 25. Nxb8 Rbxb8 26. Nd4 Nd7 27. Rc6 Qb7 28. Rxc3 Nf6 29. Nc6 Nxe4 30. Rc4 Qxb3 31. Nxb8 Qxc2 32. Rxc2 Rxb8 33. Rfc1 Rb5 34. Rc8+ Kh7 35. R1c7 g5 36. Rxf7 Kg6 37. Re7 Nf6 38. Bd4 Rxd5 39. Bc3 Rd3 40. g4 d5 41. Rg8 1-0

[Event "Czech Open GM 2019"]
[Site "Pardubice"]
[Date "2019.07.21"]
[Round "3.12"]
[White "Hollan, Petr"]
[Black "Karttunen, Mika"]
[Result "0-1"]
[WhiteElo "2287"]
[BlackElo "2466"]
[Annotator "ChessBase"]
[PlyCount "214"]
[EventDate "2019.07.19"]
[EventType "swiss"]
[EventCountry "CZE"]
[SourceTitle "playchess.com"]
[Source "ChessBase"]
[SourceQuality "1"]

1. e4 c5 2. Nf3 Nc6 3. d4 cxd4 4. Nxd4 Nf6 5. Nc3 e5 6. Ndb5 d6 7. Bg5 a6 8. Na3 b5 9. Bxf6 gxf6 10. Nd5 f5 11. c3 Bg7 12. Bd3 Be6 13. Nxb5 axb5 14. Bxb5 Bd7 15. exf5 O-O 16. O-O Ra7 17. a4 Qg5 18. Qf3 e4 19. Qxe4 Bxf5 20. Qe3 Qxe3 21. Nxe3 Ne7 22. Rad1 Rd8 23. Nxf5 Nxf5 24. Rfe1 d5 25. g3 d4 26. cxd4 Nxd4 27. Kg2 Rb8 28. Bc4 Rxa4 29. b3 Ra7 30. Re4 Rd7 31. Rde1 Kf8 32. h4 Nc2 33. Rc1 Rd2 34. Re2 Rxe2 35. Bxe2 Nd4 36. Bc4 Rb7 37. Ra1 Bf6 38. Bd5 Rd7 39. Bc4 Kg7 40. Ra5 Nc6 41. Rd5 Ra7 42. Rd2 Ne5 43. Be2 Nc6 44. Bc4 Nd4 45. Bd5 Rd7 46. Bc4 Be7 47. Ra2 Bc5 48. Ra5 Rc7 49. Ra2 Bb6 50. Ra6 Rc6 51. Ra2 Rf6 52. Rd2 Rf5 53. Bd3 Ra5 54. Bc4 Ra1 55. Bd5 h6 56. Bc4 f5 57. Rb2 Kf6 58. Bd5 Ke5 59. Bb7 Ra3 60. b4 f4 61. gxf4+ Kxf4 62. Rb1 Ra7 63. Bd5 Nf5 64. b5 Nxh4+ 65. Kf1 Nf3 66. Bxf3 Kxf3 67. Rb3+ Kf4 68. Rh3 Kg5 69. Rg3+ Kf5 70. Rh3 Rh7 71. Rc3 h5 72. Kg2 Bd4 73. Rc6 Kf4 74. Rc4 Ke5 75. Rc8 Rg7+ 76. Kh3 Bxf2 77. Rf8 Bg3 78. Re8+ Kd5 79. Rc8 h4 80. Rc1 Rb7 81. Rd1+ Kc5 82. Rb1 Kb6 83. Rf1 Rd7 84. Rb1 Rd3 85. Kg4 Re3 86. Kh3 Be1+ 87. Kg2 Bc3 88. Rf1 Rg3+ 89. Kh1 Rg4 90. Kh2 Kxb5 91. Kh3 Re4 92. Rf5+ Kc6 93. Rh5 Bf6 94. Ra5 Kd6 95. Rb5 Ke6 96. Ra5 Kf7 97. Rb5 Kg6 98. Rd5 Re3+ 99. Kg2 Be5 100. Rd1 Kg5 101. Kf2 Ra3 102. Rd8 Bg3+ 103. Kg2 Ra2+ 104. Kh1 Kg4 105. Rd1 Kh3 106. Kg1 Rg2+ 107. Kh1 Rh2+ 0-1

[Event "Czech Open GM 2019"]
[Site "Pardubice"]
[Date "2019.07.21"]
[Round "3.13"]
[White "Vykouk, Jan"]
[Black "Haring, Viktor"]
[Result "1-0"]
[WhiteElo "2453"]
[BlackElo "2278"]
[Annotator "ChessBase"]
[PlyCount "119"]
[EventDate "2019.07.19"]
[EventType "swiss"]
[EventCountry "CZE"]
[SourceTitle "playchess.com"]
[Source "ChessBase"]
[SourceQuality "1"]

1. e4 c5 2. Nf3 d6 3. d4 cxd4 4. Nxd4 Nf6 5. Nc3 a6 6. Be3 e6 7. f3 b5 8. Qd2 Nbd7 9. g4 h6 10. O-O-O Bb7 11. h4 b4 12. Na4 Qa5 13. b3 Nc5 14. a3 Nxa4 15. axb4 Qc7 16. bxa4 d5 17. e5 Nd7 18. f4 Nb6 19. Rh3 Nc4 20. Qc3 Rc8 21. Bxc4 Qxc4 22. Bd2 h5 23. g5 a5 24. Qxc4 Rxc4 25. Nb3 axb4 26. Na5 Rc7 27. Rb3 Kd7 28. Bxb4 Ba6 29. Bxf8 Rxf8 30. Rb6 Ra8 31. Rd6+ Ke8 32. Rd4 Bb7 33. Nb3 Rac8 34. Rd2 Rc4 35. Rb6 Ba8 36. Nd4 Rxa4 37. f5 Rcc4 38. g6 Rxd4 39. Rb8+ Ke7 40. Rxd4 Rxd4 41. f6+ gxf6 42. g7 Rg4 43. g8=Q Rxg8 44. Rxg8 Bc6 45. exf6+ Kxf6 46. Rg5 d4 47. Rxh5 Bf3 48. Rg5 e5 49. Kd2 e4 50. Ra5 Ke6 51. h5 f5 52. h6 Kf7 53. Rxf5+ Kg6 54. Ke1 Kxh6 55. Rd5 d3 56. c4 Kg6 57. c5 Kf7 58. c6 Ke7 59. c7 Bg4 60. Rd8 1-0